Výchova a vzdelávanie dospelých andragogika

Salvato in:
Dettagli Bibliografici
Autore principale: Ďurič, Ladislav
Altri autori: Hotár, Viliam S., Pajtinka, Ľubomír, Antalová, Mária, 1952-
Natura: Libro
Lingua:slovacco
Pubblicazione: Bratislava Slovenské pedagogické nakladateľstvo 2000
Serie:Terminologický a výkladový slovník 7. zväzok edície
Soggetti:
Tags: Aggiungi Tag
Nessun Tag, puoi essere il primo ad aggiungerne!!

MARC

LEADER 00000nam$a2200000$$$4500
001 0117284
005 20240502072318.2
020 |a 80-08-02814-9 
022 |a 1335-3403 
041 0 |a slo 
044 |a SK 
245 1 0 |a Výchova a vzdelávanie dospelých  |b andragogika  |c kolektív autorov 
264 1 |a Bratislava  |b Slovenské pedagogické nakladateľstvo  |c 2000 
300 |a 547 s. 
490 1 |a Terminologický a výkladový slovník  |v 7. zväzok edície 
830 0 |a Terminologický a výkladový slovník  |v 7. zväzok edície 
610 2 0 |a andragogika 
610 2 0 |a výchova 
610 2 0 |a vzdelávanie dospelých 
610 2 0 |a terminológia 
100 1 |a Ďurič, Ladislav 
700 1 |a Hotár, Viliam S. 
700 1 |a Pajtinka, Ľubomír 
700 1 |a Antalová, Mária, 1952-